| 000 | 00478nam a2200181Ia 4500 | ||
|---|---|---|---|
| 008 | 220531s9999 xx 000 0 und d | ||
| 041 | _aeng | ||
| 082 | _bEAR / KUL | ||
| 100 |
_aKulkarni, Rupali _982301 |
||
| 245 | _aEarly India : From Prehistory to The Age of The Mauryas | ||
| 250 | _a1ST | ||
| 260 |
_aPune _bNirali _c2019 |
||
| 300 | _a4.26 | ||
| 542 | _d10-10-2019 | ||
| 650 |
_aHistory _982302 |
||
| 906 |
_cF.Y.B.A. _d2019-2020 _f17792 |
||
| 999 |
_c45395 _d45395 |
||